Titres de Dire Straits sur spotify - Statistiques

Statistiques générales
  • Ce quiz a été pris 11 fois
  • Le résultat moyen est 23 sur 54
Statistiques - réponses
Streams Titres % Correct
833 046 402 Money for nothing
100%
1 493 882 159 Sultans of swing
89%
347 087 784 Romeo and Juliet
89%
851 610 129 Walk of life
89%
368 326 879 Brothers in arms
78%
25 449 199 Expresso love
78%
66 067 391 Telegraph road
78%
104 404 138 Tunnel of love
78%
156 677 323 Your latest trick
78%
20 794 827 Communiqué
67%
111 994 305 Down to the waterline
67%
185 346 023 Lady writer
67%
25 674 815 Love over gold
67%
76 497 236 Once upon a time in the west
67%
66 473 221 Private investigations
67%
18 266 019 Solid rock
67%
22 889 203 Single handed sailor
56%
28 537 547 Skateaway
56%
172 799 328 So far away
56%
63 087 016 Water of love
56%
71 360 286 Why worry
56%
39 914 032 Calling elvis
44%
28 170 668 Heavy fuel
44%
41 152 260 News
44%
60 767 761 On every street
44%
31 107 317 The man’s too strong
44%
68 661 141 Where do you think you’re going ?
44%
18 943 965 Industrial disease
33%
12 742 125 It never rains
33%
16 509 467 Portobello belle
33%
96 552 581 Six blade knife
33%
21 096 165 The bug
33%
41 392 986 Ticket to heaven
33%
9 286 346 Angel of mercy
22%
16 584 001 Fade to black
22%
18 280 309 Hand in hand
22%
13 284 952 How long
22%
21 082 360 In the gallery
22%
27 353 085 Iron hand
22%
5 007 249 Les boys
22%
21 452 364 Lions
22%
6 983 723 Planet of new orleans
22%
23 294 522 Ride across the river
22%
20 681 817 Setting me up
22%
9 263 002 Follow me home
11%
9 082 932 My parties
11%
24 328 026 One world
11%
26 613 878 Southbound again
11%
22 966 378 Twisting by the pool
11%
23 670 325 When it comes to you
11%
57 007 244 Wild west end
11%
2 168 334 Badges, posters, stickers, t-shirts
0%
3 828 206 If i had you
0%
1 615 939 Two young lovers
0%
Aucun quiz correspondant
Distribution des résultats
% des personnes avec chaque résultat
Percentile par nombre de réponses
Votre historique - résultats
Vous n’avez pas pris ce quiz